[Event "fast KO <1800"]
[Site "SchemingMind.com"]
[Date "2013.01.15"]
[Round "-"]
[White "spoke"]
[Black "mtnewk"]
[Result "1-0"]
[WhiteCountry "GER"]
[BlackCountry "USA"]
[WhiteElo "1787"]
[WhiteRD "69"]
[BlackElo "1652"]
[BlackRD "77"]
[GameID "325156"]

1. e4 c5 2. Nf3 Nc6 3. d4 cxd4 4. Nxd4 g6 5. c4 Bg7 6. Be3 Nf6 7. Nc3 d6 8. Be2 O-O 9. O-O a6 10. Qd2 Ng4
11. Bxg4 Bxg4 12. f3 Bd7 13. Rfd1 Ne5 14. b3 Qc7 15. Nd5 Qd8 16. Bg5 f6 17. Bh4 e6 18. Nf4 g5 19. Nfxe6 Bxe6 20. Nxe6 Qe7
21. Nxg7 Kxg7 22. Bg3 Rfd8 23. f4 Nc6 24. fxg5 fxg5 25. Bxd6 Qxe4 26. Qxg5+ Qg6 27. Be5+ Nxe5 28. Qxe5+ Kh6 29. Rf1 Rf8 30. Qe3+ Kg7
31. Qe7+ Kg8 32. Rxf8+
1-0

[Event "fast KO <1800"]
[Site "SchemingMind.com"]
[Date "2013.01.14"]
[Round "-"]
[White "ampp"]
[Black "emvarela"]
[Result "0-1"]
[WhiteCountry "POR"]
[BlackCountry "ARG"]
[WhiteElo "1250"]
[WhiteRD "65"]
[BlackElo "1761"]
[BlackRD "51"]
[GameID "325157"]

1. e4 e5 2. Nf3 Nc6 3. Bb5 a6 4. Bxc6 dxc6 5. Nc3 Nf6 6. d3 Bd6 7. O-O Bg4 8. h3 Bh5 9. Re1 O-O 10. Bg5 h6
11. Bxf6 Qxf6 12. Re3 Bc5 13. d4 exd4 14. Rd3 dxc3 15. b3 Bxf3 16. Qxf3 Qxf3 17. Rxf3 Bd4 18. Rd3 c5 19. Re1 Rae8 20. Kh1 Re6
21. a3 Rfe8 22. f3 f5 23. Rdd1 fxe4 24. f4 Rf6 25. g3 Bf2 26. Rf1 Bxg3 27. f5 Re5 28. Rd8+ Kf7 29. Rd7+ Re7 30. Rd5 e3
0-1

[Event "fast KO <1800"]
[Site "SchemingMind.com"]
[Date "2013.01.15"]
[Round "-"]
[White "mtnewk"]
[Black "spoke"]
[Result "0-1"]
[WhiteCountry "USA"]
[BlackCountry "GER"]
[WhiteElo "1623"]
[WhiteRD "75"]
[BlackElo "1806"]
[BlackRD "72"]
[GameID "325162"]

1. d4 d5 2. c4 e6 3. a3 Nf6 4. Nc3 c5 5. e3 Nc6 6. Nf3 Be7 7. Bd3 O-O 8. O-O b6 9. Qc2 dxc4 10. Bxc4 cxd4
11. Rd1 Bb7 12. Nxd4 Nxd4 13. Rxd4 Qc7 14. Nb5 Qc6 15. f3 a6 16. Nc3 Nh5 17. Qe2 Bf6 18. Rd1 Bxc3 19. bxc3 Rac8 20. Bxa6 Bxa6
21. Qxa6 Ra8 22. Qd3 Ra5 23. Qd8 Rd5 24. Rxd5 exd5
0-1

[Event "fast KO <1800"]
[Site "SchemingMind.com"]
[Date "2013.01.14"]
[Round "-"]
[White "emvarela"]
[Black "ampp"]
[Result "1-0"]
[WhiteCountry "ARG"]
[BlackCountry "POR"]
[WhiteElo "1759"]
[WhiteRD "49"]
[BlackElo "1253"]
[BlackRD "66"]
[GameID "325163"]

1. e4 c5 2. Nf3 d6 3. d4 cxd4 4. Nxd4 Nc6 5. Nc3 Nxd4 6. Qxd4 e5 7. Bb5+ Bd7 8. Bxd7+ Qxd7 9. Qd3 Nf6 10. Be3 Be7
11. Nd5 Nxd5 12. Qxd5 O-O 13. O-O-O Bh4 14. Qxd6 Qg4 15. g3 Bg5 16. Bxg5 Qxg5+ 17. f4 Qf6 18. Qxe5 Qxe5 19. fxe5 Rfe8 20. Rd5 f6
21. exf6 gxf6 22. Rf1 Kg7 23. Rf4 b6 24. Rd7+ Kg6 25. Rg4+ Kh6 26. Rh4+ Kg6 27. Rhxh7 Rxe4 28. Rxa7 Rd8 29. Rag7+ Kf5 30. g4+ Kf4
31. Rd7 Rde8 32. h3 Re1+ 33. Rd1 Kf3 34. Rxe1 Rxe1+ 35. Kd2 Re2+ 36. Kc3 Re3+ 37. Kb4 Re4+ 38. c4 Re5 39. Rh5 Re4 40. Rf5+ Kg3
41. Rxf6 Kxh3 42. Rxb6 Re5 43. a4
1-0

[Event "fast KO <1800"]
[Site "SchemingMind.com"]
[Date "2013.01.15"]
[Round "-"]
[White "Teagy"]
[Black "ray winteringham"]
[Result "1-0"]
[WhiteCountry "ENG"]
[BlackCountry "ENG"]
[WhiteElo "1756"]
[WhiteRD "78"]
[BlackElo "1513"]
[BlackRD "52"]
[GameID "325227"]

1. e4 e5 2. Nf3 Nc6 3. Bc4 Nf6 4. O-O Bc5 5. d4 exd4 6. e5 Nh5 7. Bxf7+ Kxf7 8. Ng5+ Kg8 9. Qxh5 g6 10. Qe2 d6
11. Qc4+ Kg7 12. Qf7+ Kh6 13. Ne6+
1-0

[Event "fast KO <1800"]
[Site "SchemingMind.com"]
[Date "2013.01.15"]
[Round "-"]
[White "ray winteringham"]
[Black "Teagy"]
[Result "0-1"]
[WhiteCountry "ENG"]
[BlackCountry "ENG"]
[WhiteElo "1513"]
[WhiteRD "52"]
[BlackElo "1756"]
[BlackRD "78"]
[GameID "325232"]

1. c4 e5 2. Nc3 Nc6 3. Nf3 g6 4. e4 Bg7 5. g3 d6 6. Bg2 Nge7 7. O-O O-O 8. b3 f5 9. exf5 Nxf5 10. Bb2 Ncd4
11. d3 c6 12. a4 Nxf3+ 13. Bxf3 Nd4 14. Bg2 Be6 15. Ne4 d5 16. Nc5 Bc8 17. b4 b6 18. Bxd4 exd4 19. Nb3 dxc4 20. Bxc6 Bh3
21. Bxa8 Qxa8 22. Nd2 Qg2#
0-1

[Event "fast KO <1800"]
[Site "SchemingMind.com"]
[Date "2013.01.21"]
[Round "-"]
[White "Hexsaw"]
[Black "kenneth m day"]
[Result "0-1"]
[WhiteCountry "ENG"]
[BlackCountry "USA"]
[WhiteElo "1313"]
[WhiteRD "162"]
[BlackElo "1765"]
[BlackRD "52"]
[GameID "325612"]

1. d4 Nf6 2. Nf3 e6 3. Nc3 d5 4. Bg5 Be7 5. e3 Nbd7 6. Bd3 c5 7. O-O O-O 8. Re1 Re8 9. Ne5 cxd4 10. exd4 h6
11. Bh4 Qb6 12. Na4 Qd6 13. b3 b6 14. Qf3 Bb7 15. c4 Qc7 16. Rac1 Nxe5 17. Rxe5 dxc4 18. Qg3 Qd6 19. Rxc4 Rac8 20. f4 Rxc4
21. bxc4 Qxd4+ 22. Re3 Nh5 23. Qh3 Bxh4 24. Qg4 Qxe3+ 25. Kf1 Qe1#
0-1

[Event "fast KO <1800"]
[Site "SchemingMind.com"]
[Date "2013.01.26"]
[Round "-"]
[White "SAMAEL"]
[Black "APB"]
[Result "0-1"]
[WhiteCountry "CAN"]
[BlackCountry "ENG"]
[WhiteElo "1717"]
[WhiteRD "52"]
[BlackElo "1703"]
[BlackRD "66"]
[GameID "325613"]

1. e4 c5 2. Nf3 e6 3. Nc3 Nc6 4. Be2 g6 5. O-O Bg7 6. d3 Nge7 7. Re1 O-O 8. Rb1 d5 9. exd5 exd5 10. a3 Ne5
11. Nxe5 Bxe5 12. Bf3 Bxc3 13. bxc3 Qc7 14. Qe2 Be6 15. g3 b6 16. c4 Rfe8 17. Bf4 Qd7 18. Qe5 Nc6 19. Qf6 Qe7 20. Qxe7 Nxe7
21. Bd6 Nf5 22. Bf4 Nd4 23. Bg2 Nxc2 24. Rec1 Nd4 25. Kf1 Rad8 26. Be3 Bf5 27. Rc3 dxc4 28. Be4 Bxe4 29. dxe4 Rxe4 30. Rxc4 Rde8
31. Bxd4 cxd4 32. Rd1 Rd8 33. f3 Re3 34. Rcxd4 Rxd4 35. Rxd4 Rxf3+ 36. Kg2 Rxa3
0-1

[Event "fast KO <1800"]
[Site "SchemingMind.com"]
[Date "2013.01.21"]
[Round "-"]
[White "kenneth m day"]
[Black "Hexsaw"]
[Result "1-0"]
[WhiteCountry "USA"]
[BlackCountry "ENG"]
[WhiteElo "1765"]
[WhiteRD "52"]
[BlackElo "1313"]
[BlackRD "162"]
[GameID "325616"]

1. e4 e5 2. Nf3 Nc6 3. c3 Nf6 4. d4 exd4 5. e5 Ne4 6. Qe2 f5 7. exf6 d5 8. Nbd2 gxf6 9. Nxe4 Be7 10. Nxf6+ Kf7
11. Nxd5 Rg8 12. Nxe7 Qxe7 13. Qxe7+ Kxe7 14. Bg5+ Rxg5 15. Nxg5 h6 16. Nf3 Be6 17. Nxd4 Ne5 18. O-O-O Rd8 19. Nxe6 Re8 20. Nxc7 Rf8
21. Bb5 Rd8 22. Rxd8 Kxd8 23. Nd5 a6 24. Ba4 b5 25. Bc2 a5 26. Re1 Nc4 27. f4 Kd7 28. f5 Nd6 29. f6 Nf7 30. Re7+
1-0

[Event "fast KO <1800"]
[Site "SchemingMind.com"]
[Date "2013.01.26"]
[Round "-"]
[White "APB"]
[Black "SAMAEL"]
[Result "1-0"]
[WhiteCountry "ENG"]
[BlackCountry "CAN"]
[WhiteElo "1703"]
[WhiteRD "66"]
[BlackElo "1717"]
[BlackRD "52"]
[GameID "325617"]

1. e4 e5 2. Nf3 Nc6 3. Bc4 h6 4. d4 exd4 5. Nxd4 d6 6. O-O Nf6 7. Nc3 Nxd4 8. Qxd4 Be7 9. Nd5 O-O 10. Nxe7+ Qxe7
11. f3 Be6 12. Bd3 b6 13. Qf2 Nd7 14. Qg3 Kh8 15. b3 Qf6 16. Rb1 a5 17. Bb2 Qg5 18. Qxg5 hxg5 19. g4 f6 20. Kg2 Ne5
21. Be2 g6 22. f4 Nxg4 23. Bxg4 Bxg4 24. f5 gxf5 25. exf5 Rae8 26. h3 Re2+ 27. Kg3 Bh5 28. h4 Rxc2 29. hxg5 Kg8 30. Bxf6 Rxa2
31. Rbc1 Rf7 32. Kh4 Be2 33. Rf2 a4 34. Re1 axb3 35. Rexe2 Ra4+ 36. Kh5 c5 37. Kg6 d5 38. Rh2
1-0

[Event "fast KO <1800"]
[Site "SchemingMind.com"]
[Date "2013.01.25"]
[Round "-"]
[White "MazetaFighter"]
[Black "Scooter"]
[Result "1-0"]
[WhiteCountry "GRE"]
[BlackCountry "USA"]
[WhiteElo "1704"]
[WhiteRD "141"]
[BlackElo "1774"]
[BlackRD "54"]
[GameID "325853"]

1. e4 c6 2. d4 d5 3. Nc3 dxe4 4. Nxe4 Bf5 5. Ng3 Bg6 6. Nf3 Nd7 7. h4 h6 8. Bd3 Bxd3 9. Qxd3 Qc7 10. Bd2 Ngf6
11. O-O-O O-O-O 12. Qe2 e6 13. Ne5 Nxe5 14. dxe5 Nd7 15. f4 Bc5 16. Ne4 Nb6 17. Nxc5 Rd5 18. Ne4 Kb8 19. Nd6 Nc8 20. Nxc8 Kxc8
21. Bc3
1-0

[Event "fast KO <1800"]
[Site "SchemingMind.com"]
[Date "2013.01.25"]
[Round "-"]
[White "Scooter"]
[Black "MazetaFighter"]
[Result "0-1"]
[WhiteCountry "USA"]
[BlackCountry "GRE"]
[WhiteElo "1792"]
[WhiteRD "53"]
[BlackElo "1852"]
[BlackRD "80"]
[GameID "325862"]

1. d4 d5 2. Nf3 Nf6 3. Bf4 e6 4. e3 Be7 5. Be2 O-O 6. O-O Nbd7 7. h3 Re8 8. Nbd2 Nf8 9. c4 c6 10. c5 Ng6
11. Bg3 b6 12. b4 a5 13. bxa5 bxc5 14. dxc5 Bxc5 15. Nb3 Bb4 16. Nfd4 Bd7 17. a6 Ne4 18. Bh2 Nc3 19. Qc2 Nxe2+ 20. Qxe2 Qb6
21. a3 Bc3 22. Rac1 Bxd4 23. Nxd4 Qxa6 24. Qxa6 Rxa6 25. Bd6 e5 26. Nf3 Bf5 27. g4 Be4 28. Ng5 Bd3 29. Rfd1 e4 30. f4 Nh4
31. f5 h6
0-1

[Event "fast KO <1800"]
[Site "SchemingMind.com"]
[Date "2013.01.31"]
[Round "-"]
[White "Hisjazzrabbit"]
[Black "NAZRIZ1977"]
[Result "1-0"]
[WhiteCountry "FRA"]
[BlackCountry "WLS"]
[WhiteElo "1545"]
[WhiteRD "98"]
[BlackElo "1590"]
[BlackRD "64"]
[GameID "325957"]

1. e4 d6 2. d4 Nf6 3. Nc3 e5 4. dxe5 dxe5 5. Qxd8+ Kxd8 6. Nf3 Bd6 7. Ng5 Ke7 8. Bc4 Be6 9. Nxe6 fxe6 10. Be3 Na6
11. O-O Nb4 12. Rac1 a6 13. Rfd1 b5 14. Be2 Nc6 15. a4 b4 16. Nb1 Nxe4 17. Bf3
1-0

[Event "fast KO <1800"]
[Site "SchemingMind.com"]
[Date "2013.01.31"]
[Round "-"]
[White "NAZRIZ1977"]
[Black "Hisjazzrabbit"]
[Result "0-1"]
[WhiteCountry "WLS"]
[BlackCountry "FRA"]
[WhiteElo "1590"]
[WhiteRD "64"]
[BlackElo "1545"]
[BlackRD "98"]
[GameID "325959"]

1. c4 e5 2. g3 c6 3. d4 exd4 4. Qxd4 d5 5. cxd5 cxd5 6. Bg2 Nf6 7. Nf3 Nc6 8. Qa4 Bc5 9. O-O Qb6 10. a3 O-O
11. Nbd2 Bxf2+ 12. Kh1 Re8 13. b4 Rxe2 14. Bb2 Ne4 15. Rad1 Be6 16. Ba1 a6
0-1

[Event "fast KO <1800"]
[Site "SchemingMind.com"]
[Date "2013.02.28"]
[Round "-"]
[White "APB"]
[Black "kenneth m day"]
[Result "1-0"]
[WhiteCountry "ENG"]
[BlackCountry "USA"]
[WhiteElo "1696"]
[WhiteRD "62"]
[BlackElo "1752"]
[BlackRD "52"]
[GameID "327830"]

1. e4 g6 2. d4 Bg7 3. Nc3 d6 4. f4 a6 5. Nf3 b5 6. Be3 Nd7 7. a3 Bb7 8. d5 e6 9. Qd2 Ne7 10. dxe6 fxe6
11. Ng5 Nf8 12. Be2 Qd7 13. Nf3 e5 14. fxe5 dxe5 15. Qxd7+ Nxd7 16. O-O-O Rd8 17. Ng5 Bh6 18. Rd3 Nc6 19. Rf1 Bxg5 20. Bxg5 Ne7
21. Rfd1 Bc6 22. b4 Rf8 23. Bg4 Rf2 24. Bh3 Rf8 25. Nd5 Bxd5 26. exd5 Nf6 27. Bh6 Rf7 28. d6 cxd6 29. Rxd6 Rxd6 30. Rxd6 Ne4
31. Rxa6 Rf1+ 32. Kb2 Nf5 33. g4 Rh1 34. gxf5 Rxh2 35. fxg6 Rxh3 36. gxh7
1-0

[Event "fast KO <1800"]
[Site "SchemingMind.com"]
[Date "2013.02.28"]
[Round "-"]
[White "kenneth m day"]
[Black "APB"]
[Result "1-0"]
[WhiteCountry "USA"]
[BlackCountry "ENG"]
[WhiteElo "1770"]
[WhiteRD "51"]
[BlackElo "1678"]
[BlackRD "63"]
[GameID "327835"]

1. e4 c5 2. d4 cxd4 3. c3 e5 4. Nf3 Nc6 5. Bc4 Na5 6. Bb5 Qb6 7. Ba4 dxc3 8. Nxc3 Bb4 9. O-O Bxc3 10. bxc3 Nf6
11. Nxe5 O-O 12. Re1 d6 13. Nd3 Qc7 14. Qd2 Nc4 15. Qg5 h6 16. Qg3 g6 17. Bxh6 Re8 18. Bxe8
1-0

[Event "fast KO <1800"]
[Site "SchemingMind.com"]
[Date "2013.03.05"]
[Round "-"]
[White "Teagy"]
[Black "spoke"]
[Result "1-0"]
[WhiteCountry "ENG"]
[BlackCountry "GER"]
[WhiteElo "1785"]
[WhiteRD "75"]
[BlackElo "1751"]
[BlackRD "67"]
[GameID "327989"]

1. f4 d5 2. Nf3 g6 3. g3 Bg7 4. Bg2 Nf6 5. O-O O-O 6. d3 c6 7. Qe1 Nbd7 8. e4 dxe4 9. dxe4 Qb6+ 10. Kh1 Nh5
11. e5 f5 12. Nc3 Bh6 13. Rb1 Ng7 14. Be3 Qc7 15. a4 Ne6 16. Rd1 b6 17. Nd4 Nxd4 18. Bxd4 Bb7 19. e6 c5 20. Bd5 Bxd5+
21. Nxd5 Qc6 22. Bc3 Nf6 23. Bxf6 Rxf6 24. Kg1 Rxe6 25. Nxe7+ Rxe7 26. Qxe7 Bf8 27. Qd7
1-0

[Event "fast KO <1800"]
[Site "SchemingMind.com"]
[Date "2013.03.05"]
[Round "-"]
[White "spoke"]
[Black "Teagy"]
[Result "0-1"]
[WhiteCountry "GER"]
[BlackCountry "ENG"]
[WhiteElo "1751"]
[WhiteRD "67"]
[BlackElo "1785"]
[BlackRD "75"]
[GameID "327992"]

1. e4 e5 2. Nf3 Nc6 3. Bc4 Nf6 4. Ng5 d5 5. exd5 b5 6. Bf1 Nd4 7. c3 Nxd5 8. Ne4 Qh4 9. Ng3 Bb7 10. cxd4 O-O-O
11. h3 Nf4 12. Qg4+ Qxg4 13. hxg4 exd4 14. f3 d3 15. Ne4 Bb4 16. g3 Ng6 17. a3 Ba5 18. Nbc3 a6 19. Bg2 Bb6 20. b4 h6
21. Bb2 f6 22. O-O-O Ne5 23. Rh4 Rhe8 24. f4 Nc4 25. f5 Bd4 26. Rhh1 Nxb2
0-1

[Event "fast KO <1800"]
[Site "SchemingMind.com"]
[Date "2013.03.07"]
[Round "-"]
[White "MazetaFighter"]
[Black "lennart"]
[Result "1-0"]
[WhiteCountry "GRE"]
[BlackCountry "SWE"]
[WhiteElo "1852"]
[WhiteRD "80"]
[BlackElo "1489"]
[BlackRD "61"]
[GameID "328214"]

1. e4 e5 2. Nf3 d6 3. d4 exd4 4. Nxd4 Nf6 5. Nc3 a6 6. Be2 h6 7. O-O Be7 8. Bf4 Nbd7 9. Qd3 g6 10. Rfe1 c5
11. Nf3 g5 12. Bg3 b5 13. Bxd6 O-O 14. e5 Ne8 15. Qe4 Ra7 16. Bd3
1-0

[Event "fast KO <1800"]
[Site "SchemingMind.com"]
[Date "2013.03.07"]
[Round "-"]
[White "lennart"]
[Black "MazetaFighter"]
[Result "0-1"]
[WhiteCountry "SWE"]
[BlackCountry "GRE"]
[WhiteElo "1487"]
[WhiteRD "62"]
[BlackElo "1882"]
[BlackRD "72"]
[GameID "328218"]

1. e4 e5 2. Nf3 Nc6 3. Nc3 Nf6 4. d3 Bc5 5. h3 d5 6. a3 dxe4 7. Ng5 exd3 8. Bxd3 O-O 9. Be3 Bxe3 10. fxe3 h6
11. Nf3 Re8 12. g4 e4 13. Bc4 exf3 14. Qxf3 Ne5 15. Qe2 Nxc4 16. Qxc4 Rxe3+ 17. Ne2 Qe7 18. Rh2 Bd7 19. O-O-O Qe5 20. Rg2 Bb5
21. Qb4 Rxe2 22. Rgg1 Qe4
0-1

[Event "fast KO <1800"]
[Site "SchemingMind.com"]
[Date "2013.03.21"]
[Round "-"]
[White "Hisjazzrabbit"]
[Black "emvarela"]
[Result "1-0"]
[WhiteCountry "FRA"]
[BlackCountry "ARG"]
[WhiteElo "1764"]
[WhiteRD "102"]
[BlackElo "1761"]
[BlackRD "48"]
[GameID "328655"]

1. e4 e5 2. Nf3 Nc6 3. Nc3 Nf6 4. Bb5 Nd4 5. Bc4 Nxf3+ 6. Qxf3 c6 7. Qg3 d6 8. d3 Qe7 9. Bb3 Be6 10. O-O Bxb3
11. axb3 g6 12. f4 Nh5 13. Qf2 exf4 14. Rxa7 Rxa7 15. Qxa7 Qc7 16. Bxf4 Nxf4 17. Rxf4 Bg7 18. Qa8+ Ke7 19. Qa7 Be5 20. Rf3 Bxc3
21. bxc3 h5 22. Qd4 Rf8 23. Qf6+ Ke8 24. c4 Qe7 25. Qf4 Qe5 26. Kf2 Qxf4 27. Rxf4 Ke7 28. Ke3 f5 29. exf5 Rxf5 30. Rxf5 gxf5
31. Kf4 Kf6 32. d4 b6 33. b4 c5 34. c3 h4 35. h3 Kg6 36. dxc5 dxc5 37. Ke5 Kg5 38. b5 Kg6 39. Kd5 Kg5 40. Kc6 Kf4
41. Kxb6 Kg3 42. Kxc5 Kxg2 43. b6 f4 44. b7 f3 45. b8=Q f2 46. Qg8+ Kxh3 47. Qe6+ Kg3 48. Qd6+ Kg2 49. Qd5+ Kh2 50. Qf3 Kg1
51. Qg4+ Kf1 52. Qxh4 Ke1 53. Kd4
1-0

[Event "fast KO <1800"]
[Site "SchemingMind.com"]
[Date "2013.03.21"]
[Round "-"]
[White "emvarela"]
[Black "Hisjazzrabbit"]
[Result "0-1"]
[WhiteCountry "ARG"]
[BlackCountry "FRA"]
[WhiteElo "1765"]
[WhiteRD "48"]
[BlackElo "1726"]
[BlackRD "105"]
[GameID "328656"]

1. e4 e5 2. Nf3 Nc6 3. d4 exd4 4. c3 dxc3 5. Bc4 cxb2 6. Bxb2 Bb4+ 7. Nc3 Nf6 8. O-O Bxc3 9. Bxc3 O-O 10. Qb3 Nxe4
11. Rfe1 Nxc3 12. Qxc3 d6 13. Rad1 Bd7 14. Nd4 Qf6 15. Re3 Rae8 16. Rf3 Qh6 17. Bd3 Re5 18. Rg3 Nxd4 19. Qxd4 c5 20. Qc3 Rfe8
21. Bc4 b5 22. Bf1 b4 23. Qd3 d5 24. Qf3 Bc6 25. Rh3 d4 26. Qg3 Qf6 27. f3 Bd5 28. Bd3 Bxa2 29. Bxh7+ Kf8 30. Bc2 g5
31. Rh5 b3 32. Bb1 Bxb1 33. Rxb1 Qg6 34. Rh8+ Kg7
0-1

[Event "fast KO <1800"]
[Site "SchemingMind.com"]
[Date "2013.04.28"]
[Round "-"]
[White "Teagy"]
[Black "MazetaFighter"]
[Result "1/2-1/2"]
[WhiteCountry "ENG"]
[BlackCountry "GRE"]
[WhiteElo "1797"]
[WhiteRD "74"]
[BlackElo "1934"]
[BlackRD "74"]
[GameID "331000"]

1. f4 d5 2. Nf3 Bg4 3. e3 Nd7 4. h3 Bxf3 5. Qxf3 c6 6. Nc3 e5 7. b3 Ngf6 8. Bb2 Bd6 9. O-O-O Qe7 10. Be2 O-O
11. g4 exf4 12. exf4 Rfe8 13. Rde1 Ba3 14. Bd3 Bxb2+ 15. Kxb2 Qb4 16. g5 Rxe1 17. Rxe1 Ne8 18. f5 Qd6 19. Qh5 Nc5 20. g6 Nxd3+
21. cxd3 hxg6 22. fxg6 Qxg6 23. Qxg6 fxg6 24. Re7 Rb8 25. Na4=
1/2-1/2

[Event "fast KO <1800"]
[Site "SchemingMind.com"]
[Date "2013.04.28"]
[Round "-"]
[White "MazetaFighter"]
[Black "Teagy"]
[Result "1-0"]
[WhiteCountry "GRE"]
[BlackCountry "ENG"]
[WhiteElo "1934"]
[WhiteRD "74"]
[BlackElo "1797"]
[BlackRD "74"]
[GameID "331004"]

1. e4 e6 2. d4 d5 3. Nc3 Bb4 4. e5 Bf8 5. Nf3 b6 6. Bd3 Ba6 7. O-O Bxd3 8. Qxd3 Ne7 9. Ne2 Qc8 10. Nf4 Qa6
11. Bd2 Qxd3 12. Nxd3 Nf5 13. g4 Ne7 14. h4 h5 15. g5 Nf5 16. c3 Nd7 17. Nde1 c5 18. Ng2 Be7 19. Ne3 f6 20. Nxf5 exf5
21. Rfe1 fxe5 22. Nxe5 Nxe5 23. Rxe5
1-0

[Event "fast KO <1800"]
[Site "SchemingMind.com"]
[Date "2013.08.02"]
[Round "-"]
[White "kenneth m day"]
[Black "Hisjazzrabbit"]
[Result "1-0"]
[WhiteCountry "USA"]
[BlackCountry "FRA"]
[WhiteElo "1758"]
[WhiteRD "53"]
[BlackElo "1543"]
[BlackRD "89"]
[GameID "335666"]

1. e4 e5 2. Nf3 d6 3. d4 exd4 4. Nxd4 c5 5. Nf3 Bg4 6. Be2 g6 7. Qd5 Qd7 8. h3 Be6 9. Qd2 Bh6 10. Qd1 Bxc1
11. Qxc1 Nc6 12. Nc3 Nd4 13. Nxd4 cxd4 14. Nd5 Bxd5 15. exd5 Nf6 16. Qg5 Ne4 17. Qf4 Nc5 18. Qxd4 Rf8 19. Qe3+ Kd8 20. O-O Rc8
21. Qh6 Re8 22. Rfe1 Ne4 23. Qxh7 Nd2 24. Bg4 Qc7 25. Rxe8+ Kxe8 26. Qh8+ Ke7 27. Re1+
1-0

[Event "fast KO <1800"]
[Site "SchemingMind.com"]
[Date "2013.08.02"]
[Round "-"]
[White "Hisjazzrabbit"]
[Black "kenneth m day"]
[Result "0-1"]
[WhiteCountry "FRA"]
[BlackCountry "USA"]
[WhiteElo "1582"]
[WhiteRD "88"]
[BlackElo "1807"]
[BlackRD "52"]
[GameID "335670"]

1. e4 e5 2. c4 Nc6 3. d3 Nf6 4. Be3 Bb4+ 5. Nd2 Nd4 6. Bxd4 exd4 7. a3 Bd6 8. Ngf3 Qe7 9. Nxd4 Be5 10. Nf5 Qf8
11. d4 Bf4 12. f3 d6 13. g3 Bxd2+ 14. Qxd2 Bd7 15. Ne3 Qe7 16. O-O-O O-O-O 17. h4 Rhe8 18. Bg2 Ba4 19. Nf5 Qf8 20. Rde1 g6
21. Nh6 c5 22. d5 Qe7 23. Bh3+ Kb8 24. Qa5 Bd7 25. g4 Rf8 26. g5 Nh5 27. Bg4 Nf4 28. Qd2 Qe5 29. Bh3 Nxh3 30. Ng4 Bxg4
31. fxg4 Nf4 32. Rhf1 Ne6 33. dxe6 fxe6 34. Rxf8 Rxf8 35. a4 Qf4 36. Kb1 Qxd2
0-1

[Event "fast KO <1800"]
[Site "SchemingMind.com"]
[Date "2013.11.05"]
[Round "-"]
[White "kenneth m day"]
[Black "MazetaFighter"]
[Result "0-1"]
[WhiteCountry "USA"]
[BlackCountry "GRE"]
[WhiteElo "1785"]
[WhiteRD "53"]
[BlackElo "2018"]
[BlackRD "71"]
[GameID "341421"]

1. e4 e5 2. f4 exf4 3. Nf3 g5 4. h4 g4 5. Ne5 Nc6 6. d4 Nf6 7. Nc3 Bb4 8. Bxf4 Nxe4 9. Nxc6 dxc6 10. Qd3 Bf5
11. Qc4 Bxc3+ 12. bxc3 Qe7 13. Be2 O-O-O 14. Be3 Nd6 15. Bg5 f6 16. Bxf6 Qxf6
0-1

[Event "fast KO <1800"]
[Site "SchemingMind.com"]
[Date "2013.11.05"]
[Round "-"]
[White "MazetaFighter"]
[Black "kenneth m day"]
[Result "1-0"]
[WhiteCountry "GRE"]
[BlackCountry "USA"]
[WhiteElo "2031"]
[WhiteRD "71"]
[BlackElo "1764"]
[BlackRD "48"]
[GameID "341426"]

1. e4 e5 2. Nf3 Nc6 3. Bb5 f5 4. Nc3 fxe4 5. Nxe4 Nf6 6. Nxf6+ Qxf6 7. Qe2 Be7 8. Bxc6 dxc6 9. Nxe5 O-O 10. O-O Bf5
11. d4 Bd6 12. c3 Rae8 13. f4 c5 14. Qc4+ Kh8 15. Bd2 cxd4 16. cxd4 b6 17. Bc3 c5 18. d5 Qh4 19. Rae1 Bxe5 20. Rxe5 Rxe5
21. Bxe5 Re8 22. Qc3 Re7 23. Re1 h6 24. d6 Rd7 25. Bxg7+ Rxg7 26. Re8+ Kh7 27. d7 Rxd7 28. Qh8+ Kg6 29. Rg8+ Kf7 30. Qg7+ Ke6
31. Qe5+ Kf7 32. Rg7+ Kf8 33. Qxf5+ Kxg7 34. Qxd7+ Kg6 35. f5+ Kh5 36. Qf7+ Kg5 37. Qe7+ Kh5 38. Qxh4+ Kxh4 39. f6
1-0